000 00362 a2200157 4500
001 59766
020 _a3785550006
040 _cAnchieta - Pituba
100 _aCandis, Beatrice
240 1 0 _aSchicksalssommer mit Luna
_lpor
245 1 0 _aSchicksalssommer mit Luna
300 _a312
362 0 _a2004
650 4 _aLiteratura juvenil em alemão
942 _cBK
999 _c59766
_d59766